HOW TO READ A BALANCE SHEET (Record no. 8500)

MARC details
000 -LEADER
fixed length control field 00327nam a22001337a 4500
005 - DATE AND TIME OF LATEST TRANSACTION
control field 20240130112943.0
008 - FIXED-LENGTH DATA ELEMENTS--GENERAL INFORMATION
fixed length control field 240130b |||||||| |||| 00| 0 eng d
020 ## - INTERNATIONAL STANDARD BOOK NUMBER
ISBN 81-204-0405-X
041 ## - LANGUAGE CODE
Language code of text/sound track or separate title eng
245 ## - TITLE STATEMENT
Title HOW TO READ A BALANCE SHEET
260 ## - PUBLICATION, DISTRIBUTION, ETC. (IMPRINT)
Place of publication NEW DELHI
Name of publisher OXFORD PUBLISHING HOUSE
Year of publication 1985
300 ## - PHYSICAL DESCRIPTION
Number of Pages 213;p
942 ## - ADDED ENTRY ELEMENTS (KOHA)
Koha item type Books
Holdings
Lost status Damaged status Home library Current library Date acquired Source of acquisition Accession Number Koha item type
    JRU Library JRU Library 25/01/2020 DONATION 23603 Books